PROJEKT ÉS PÁLYÁZAT(FELKÉSZÜLÉS EGY KONKRÉT PÁLYÁZATI FELHÍVÁSRA)

Bibliographic Details
Main Author: Szabó Andrea Evelyn
Other Authors: Kruppa Dr. Éva
Format: Final Paper
Kulcsszavak:Projekt
EU-pályázatok
logikai keretmátrix
Online Access:http://dolgozattar.uni-bge.hu/9983

MARC

LEADER 00000nta a2200000 i 4500
001 dolg9983
005 20170421081906.0
008 170421suuuu hu o 000 hun d
040 |a BGE Dolgozattár Repozitórium  |b hun 
041 |a hu 
100 1 |a Szabó Andrea Evelyn 
245 1 0 |a PROJEKT ÉS PÁLYÁZAT(FELKÉSZÜLÉS EGY KONKRÉT PÁLYÁZATI FELHÍVÁSRA)  |c Szabó Andrea Evelyn  |h [elektronikus dokumentum] 
516 |a Final_paper 
695 |a Projekt 
695 |a EU-pályázatok 
695 |a logikai keretmátrix 
700 1 |a Kruppa Dr. Éva  |e ths 
856 4 0 |u http://dolgozattar.uni-bge.hu/9983/1/Szab%C3%B3_Andrea_GW0WC2.pdf  |z Dokumentum-elérés